000 00461nam a2200181Ia 4500
001 25297
005 20260414151140.0
008 260414t2019||||xx |||||||||||||| ||spa||
041 _aESP
082 _a346.44
_bP27
100 _aPasco Arauco, Alan
_eAUT
245 0 _aEl poseedor precario :
_bun enfoque doctrinario y jurisprudencial
260 _c2019
300 _a397 páginas :
_c25 cm.
650 _aDER
654 _aCDE
942 _cLIB
_dJUS
_fJUS
_2ddc
_n
999 _c25297
_d25297